LEADER 01037nam a2200265 i 4500 001 000000176539 003 CaOOAMICUS 005 20081210000000.0 008 081210s1998 it u000 u ita u 013 $a154028 020 $a88-304-1499-9 040 $aSeMil$bita 100 1 $aGaarder, Jostein,$d<1952- >.$0(OLS)http://semarc/name/40108 240 10$aVita Brevis.$0(OLS)http://semarc/title/253424 245 10$aVita brevis /$cdi Jostein Gaarder ; traduzione di Roberto Bacci. 260 $aMilano :$bLonganesi & C.,$ccopyr. 1998. 300 $a168 p. ;$c22 cm. 500 $aDono di don Romano Martinelli. 700 1 $aBacci, Roberto.$0(OLS)http://semarc/name/65713 850 $aSeMil 852 $aSeMil$W1$xVenegono$y1$m1U VI 75$j243755$B127359$CSeMilBibl$Z2$F139519 $81 961 $aOmaggio: Martinelli don Romano 996 $6020$a88-304-1499-9$9(OLS)http://semarc/number/165133 996 $6245$aVita brevis$9(OLS)http://semarc/title/253423 996 $6260$aMilano :$bLonganesi & C.$9(OLS)http://semarc/publisher/31590 LEADER 00620naa a2200145 i 4500 001 000000308324 003 CaOOAMICUS 005 20180831172933.0 008 180831n it u000 u ita u 013 $a17289 040 $aSeMil$bita 100 1 $aSeneca, Lucius Anneus,$d<4 a.C.-65 d.C.>.$0(OLS)http://semarc/name/764 245 10$aConsolazione a Marcia. 773 0 $aSeneca, Lucius Anneus <4 a.C.-65 d.C.>$tTutti gli scritti in prosa.$dMilano : Rusconi, 1994.$kClassici del pensiero. Sez. 1, Filosofia classica e tardo-antica$z88-18-22028-4$gp.[165]-204$w()121653 996 $6245$aConsolazione a Marcia$9(OLS)http://semarc/title/383598